大平正芳クイズ - Statistics

General Stats
  • This quiz has been taken 3 times
  • The average score is 4 of 15
Answer Stats
Hint Answer % Correct
出身都道府県 香川県
67%
内閣官房長官を務めていた時の総理 池田勇人
67%
答弁の際の前置きの口癖からついたあだ名 アーウー宰相
67%
出身市町村(現在) 観音寺市
33%
1979年の自民党内の抗争 四十日抗争
33%
三木内閣時に大蔵大臣として10年ぶりに敢行したこと 赤字国債発行
33%
大平首相襲撃事件で犯人の男が手にしていた凶器 登山ナイフ
33%
死因 心不全
33%
没年(◻︎年と回答) 1980年
33%
出身市町村(当時) 和田村
0%
配偶者 大平志げ子
0%
三木おろし後の福田赳夫との密約 大福密約
0%
ヴェネツィアサミットに代理で 大来佐武郎
0%
記念館の1階にある博物館 世界のコイン博物館
0%
誕生日(○月△日と回答) 3月12日
0%
No matching quizzes found
Score Distribution
Percent of People with Each Score
Percentile by Number Answered
Your Score History
You have not taken this quiz